[Event "Festival Szmetan-Giardelli 2018"]
[Site "Buenos Aires"]
[Date "2018.12.07"]
[Round "3"]
[White "Flores, Diego"]
[Black "Darcyl, Tomas"]
[Result "1-0"]
[WhiteElo "2631"]
[BlackElo "2366"]
[Annotator "TA"]
[PlyCount "81"]
[EventDate "2018.12.04"]
[EventType "tourn"]
[EventCountry "ARG"]
[SourceTitle "playchess.com"]
[Source "ChessBase"]
[SourceQuality "1"]

{[%evp 13,81,10,30,29,74,60,67,74,77,62,91,36,36,37,40,29,31,30,37,35,36,36,43,34,44,29,43,31,30,36,40,41,72,82,62,72,99,89,96,106,78,78,124,108,152,154,160,120,133,30,61,10,83,50,220,190,228,30,123,101,100,75,112,118,1146,1128,1538,1627,1587,1470]} 1. g3 d5 2. Bg2 g6 3. c4 dxc4 4. Na3 Bg7 5. Nxc4 Nf6 6. Nf3 O-O 7. O-O Nc6 {LiveBook: 21 Games} 8. b3 {A07: Réti Opening: New York and Capablanca Systems} (8. d3 Be6 9. Ne3 h6 10. Bd2 Nd5 11. Nxd5 Bxd5 12. Bc3 e5 13. Nd2 Bxg2 14. Kxg2 Nd4 15. Bxd4 exd4 {½-½ (66) Andreikin,D (2727)-Wang,H (2743) Moscow 2013}) 8... Ne4 $146 ({Predecessor:} 8... a5 9. Bb2 Be6 10. d3 a4 11. bxa4 Bxc4 12. dxc4 Qxd1 13. Rfxd1 Rxa4 14. Ne5 Na5 15. c5 Ne4 16. Nd3 Nc3 17. Bxc3 Bxc3 18. Rac1 Bf6 19. Rc2 Ra8 20. Rb1 Ra7 21. Rb4 Ra3 22. h4 {½-½ (22) Saric,A (2492)-Kreisl,R (2386) Zadar 2010}) 9. Bb2 Bxb2 10. Nxb2 {White is slightly better.} Bg4 11. d3 Nd6 12. Rc1 (12. d4 $16) 12... Bxf3 $14 13. Bxf3 Nd4 14. Bg2 e5 15. Qd2 Re8 16. e3 N4f5 17. Na4 {[%cal Bb2a4,Ba4c5,Bc5b3][%mdl 32]} c6 18. Nc5 Qe7 19. b4 Rad8 20. Qb2 h5 21. h3 Rc8 22. a4 b6 23. Nb3 e4 24. Rfd1 exd3 25. Rxd3 Ne4 26. Nd2 $1 {[%cal Rd2e4]} Nxd2 27. Qxd2 c5 28. Rd7 Red8 29. Rxe7 Rxd2 30. Rxa7 {And now a5 would win.} c4 31. Rc3 (31. g4 $16 hxg4 32. hxg4) 31... Rd1+ $11 32. Bf1 (32. Kh2 $14) 32... Rb1 (32... Nd6 $11 {remains equal.} 33. Kg2 Rd2) 33. b5 {Strongly threatening Rb7.} Rd8 $2 {[#]} ({Black should play} 33... Nd6 $14) 34. Kg2 $1 $18 ({Inferior is} 34. Rxc4 Rdd1 $15) 34... Rd2 {White must now prevent ...Rbb2.} 35. e4 $2 (35. Bxc4 $18 Nd6 36. Bxf7+ Nxf7 37. Rcc7) 35... Nd6 (35... Rb3 $1 $11 36. Rf3 (36. Bxc4 Rxc3 37. Bxf7+ {[%mdl 64] Double Attack} Kf8 $11) 36... Ne3+ 37. Rxe3 Rxe3 38. Bxc4 Kh8) 36. e5 $36 {[%mdl 2048] White is in control.} Ne4 37. Rf3 Ng5 {[#]} 38. Rfxf7 $1 {[%mdl 512]} Rxf1 $2 {[%mdl 8192]} (38... Nxf7 $16 39. Bxc4 Re1) 39. Rg7+ {[%mdl 64] Double Attack. White is clearly winning.} Kf8 40. Kxf1 c3 41. Rgc7 {Accuracy: White = 55%, Black = 34%.} 1-0

[Event "Festival Szmetan-Giardelli 2018"]
[Site "Buenos Aires"]
[Date "2018.12.06"]
[Round "3"]
[White "Iturrizaga Bonelli, Eduardo"]
[Black "Perez Ponsa, Federico"]
[Result "1/2-1/2"]
[WhiteElo "2628"]
[BlackElo "2554"]
[Annotator "TA"]
[PlyCount "36"]
[EventDate "2018.12.04"]
[EventType "tourn"]
[EventCountry "ARG"]
[SourceTitle "playchess.com"]
[Source "ChessBase"]
[SourceQuality "1"]

{[%evp 15,36,3,-6,-35,-20,-17,-25,-41,-20,-60,-25,-58,-43,-88,-58,-63,-29,-24,-2,7,30,-32,-21]} 1. d4 Nf6 2. c4 g6 3. Nc3 Bg7 4. g3 O-O 5. Bg2 d6 6. e4 c5 7. Nge2 cxd4 8. Nxd4 Nc6 {LiveBook: 7 Games} 9. Nc2 {E72: King's Indian: 4 e4 d6 5 g3} (9. Nde2 a6 10. O-O Be6 11. Nd5 Ne5 12. b3 b5 13. cxb5 Nxd5 14. exd5 Bg4 15. Bb2 axb5 16. Kh1 Qd7 {½-½ (49) Avotins,M (2466)-Nekhaev,A (2519) ICCF email 2015}) 9... Bg4 10. f3 Be6 11. b3 {Black has an edge.} a6 $146 {[%cal Ba7a6,Ba6b5,Bb5b4][%mdl 32]} ({Predecessor:} 11... Nd7 12. Bb2 Qa5 13. Qd2 Nc5 14. O-O a6 15. f4 f5 16. exf5 Bxf5 17. Bxc6 bxc6 {0-1 (32) Wolff,P (1997)-Zatschek,M (2148) Korbach 2013}) 12. O-O b5 13. cxb5 axb5 {[#] White must now prevent ...Nxe4!} 14. Kh1 b4 15. Na4 Nd7 16. Bb2 Bxb2 17. Nxb2 Qb6 18. Nd3 (18. f4 $11) 18... Nc5 1/2-1/2

[Event "Festival Szmetan-Giardelli 2018"]
[Site "Buenos Aires"]
[Date "2018.12.07"]
[Round "3"]
[White "Bacallao Alonso, Yusnel"]
[Black "El Debs, Felipe de Cresce"]
[Result "1-0"]
[WhiteElo "2582"]
[BlackElo "2544"]
[Annotator "TA"]
[PlyCount "95"]
[EventDate "2018.12.04"]
[EventType "tourn"]
[EventCountry "ARG"]
[SourceTitle "playchess.com"]
[Source "ChessBase"]
[SourceQuality "1"]

{[%evp 23,95,18,48,57,48,55,56,14,14,15,18,12,11,11,11,11,11,11,11,11,8,0,28,4,4,-25,-26,-10,-14,-21,0,-14,7,0,0,0,87,79,554,558,1043,990,1265,1296,4276,3562,11262,6099,12850,12851,29960,29964,29971,29973,29972,29974,29974,29975,29975,29976,29975,29977,29977,29976,29975,29976,29975,29974,29972,29973,29980,29981,29991,29992]} 1. d4 Nf6 2. Nf3 b6 3. g3 Bb7 4. Bg2 e6 5. O-O Be7 6. c4 O-O 7. Nc3 Ne4 8. Bd2 Bf6 9. Ne5 {E18: Queen's Indian: Old Main Line (4 g3 Bb7 5 Bg2 Be7 6 0-0 0-0 7 Nc3)} Nxc3 10. Bxc3 Bxg2 11. Kxg2 d5 12. Qa4 Qe8 {LiveBook: 3 Games} 13. Qxe8 Rxe8 14. cxd5 exd5 {[#]} 15. Rfd1 $146 ({Predecessor:} 15. Nd3 Rxe2 16. Nf4 Re6 17. Nxe6 fxe6 {1-0 (46) Melkumyan,H (2624)-Gabuzyan,H (2570) Yerevan 2017}) 15... c5 {Strongly threatening ...cxd4.} 16. e3 cxd4 17. exd4 Na6 18. Rac1 Rac8 19. Bd2 Nc7 20. Nc6 Ne6 21. Be3 Rc7 22. Rc3 Rec8 23. Rdc1 a5 24. Bf4 Nxf4+ 25. gxf4 {Hoping for Ne7+!} Kf8 26. Kf3 Ke8 27. Ke3 Kd7 {[%cal Rc7c6]} (27... g6 {seems wilder.} 28. Kd3 Kd7 29. Ne5+ Bxe5 30. fxe5 Rxc3+ 31. bxc3 Rc4) 28. Ne5+ Bxe5 $1 29. dxe5 Rxc3+ (29... Rc4 $1 $11 {remains equal.} 30. Rxc4 dxc4) 30. Rxc3 $16 Rxc3+ $4 {[%mdl 8192]} (30... Rf8 $16) 31. bxc3 $11 {[%mdl 4096] Endgame KP-KP} g6 32. Kd4 Kc6 33. h3 {[%cal Bh2h3,Bh3h4][%mdl 32]} h6 34. h4 h5 35. f3 b5 36. a3 a4 {[#]} 37. f5 $1 {[%mdl 512] White mates.} g5 (37... gxf5 38. f4) 38. hxg5 h4 39. g6 fxg6 40. fxg6 h3 41. g7 h2 42. g8=Q h1=Q 43. Qe6+ Kc7 44. Qd6+ Kb7 45. Kc5 Qg1+ 46. Kb4 Qb1+ {[#]} 47. Ka5 $1 Qd3 48. Qd7+ {Accuracy: White = 77%, Black = 38%.} 1-0

[Event "Festival Szmetan-Giardelli 2018"]
[Site "Buenos Aires"]
[Date "2018.12.07"]
[Round "3"]
[White "Pichot, Alan"]
[Black "Mareco, Sandro"]
[Result "1/2-1/2"]
[WhiteElo "2562"]
[BlackElo "2656"]
[Annotator "TA"]
[PlyCount "63"]
[EventDate "2018.12.04"]
[EventType "tourn"]
[EventCountry "ARG"]
[SourceTitle "playchess.com"]
[Source "ChessBase"]
[SourceQuality "1"]

{[%evp 17,63,5,16,-4,0,-17,-8,-37,-38,-35,-31,-34,-31,-64,-54,-56,-43,-52,-50,-66,-64,-62,-64,-80,-75,-74,-70,-61,-49,-47,-52,-54,-10,-5,-6,-18,0,0,0,0,0,0,0,0,0,0,29993,-649]} 1. e4 e5 2. Nf3 Nc6 3. Bb5 a6 4. Ba4 Nf6 5. O-O Bc5 6. Bxc6 dxc6 7. d3 Nd7 8. Nbd2 O-O {C77: Ruy Lopez: 3...a6 4 Ba4 Nf6, unusual lines} 9. Nc4 Re8 {LiveBook: 5 Games} 10. Bd2 Bf8 {The position is equal.} 11. b4 $146 ({Predecessor:} 11. a4 c5 12. Bc3 f6 13. Nh4 Nb8 14. f4 exf4 15. Rxf4 Nc6 16. Nf5 {0-1 (44) Miranda Mesa,E (2460)-Quesada Perez,Y (2638) Villahermosa 2016}) 11... c5 12. Qb1 b5 13. Ne3 Nb6 14. bxc5 Bxc5 15. Bb4 Bxe3 16. fxe3 Na4 17. Ba5 f6 18. Nh4 Be6 19. Qe1 Qd7 20. Nf5 c5 {[%cal Bc7c5,Bc5c4][%mdl 32]} 21. a3 Rac8 22. Rd1 Rc6 23. g4 Qa7 24. Qg3 c4 25. g5 Bxf5 26. Rxf5 fxg5 27. Rdf1 h6 28. Rxe5 Rxe5 29. Qxe5 Qxe3+ {[%mdl 64] [#] Double Attack} 30. Kh1 {Strongly threatening Qd5+.} Kh7 31. Qe8 Qa7 $2 {[%mdl 8192]} (31... Rd6 $11) 32. Rd1 $4 {[%mdl 40960] Accuracy: White = 56%, Black = 77%. . An unexpected result.} (32. Rf8 {is the narrow road to win.} Qf7 33. Rxf7 Rc8 34. Qxc8 {[%mdl 64] Double Attack} Kg6 35. Qf5+ Kh5 36. Rxg7 Kh4 37. Kg2 cxd3 38. Qh3#) 1/2-1/2

[Event "Festival Szmetan-Giardelli 2018"]
[Site "Buenos Aires"]
[Date "2018.12.06"]
[Round "3"]
[White "Slipak, Sergio"]
[Black "Hoffman, Alejandro"]
[Result "1/2-1/2"]
[WhiteElo "2421"]
[BlackElo "2470"]
[Annotator "TA"]
[PlyCount "38"]
[EventDate "2018.12.04"]
[EventType "tourn"]
[EventCountry "ARG"]
[SourceTitle "playchess.com"]
[Source "ChessBase"]
[SourceQuality "1"]

{[%evp 18,38,0,-7,14,15,18,15,22,21,14,14,14,12,18,14,16,11,15,11,12,0,31]} 1. c4 g6 2. Nc3 Bg7 3. g3 e5 4. Bg2 f5 5. e3 d6 6. Nge2 Nf6 7. b3 O-O 8. O-O c6 {A21: English Opening: 1...e5 2 Nc3} (8... Nbd7 9. d3 c6 10. Ba3 Qc7 11. Qd2 Re8 12. Rae1 Nc5 13. h3 e4 14. dxe4 Nfxe4 15. Qc2 Nxc3 16. Nxc3 {1-0 (59) Carlsen,M (2802)-Nakamura,H (2741) London 2010}) 9. Ba3 Re8 10. Rc1 {LiveBook: 6 Games. The position is equal.} Be6 11. d4 Bf7 12. dxe5 $146 ({Predecessor:} 12. d5 c5 13. e4 fxe4 14. Qd2 a6 15. Bb2 Nbd7 {1-0 (42) Petursson,M (2529)-Gerola,F (2148) Porto Mannu 2015}) 12... dxe5 13. Qxd8 Rxd8 14. e4 fxe4 15. Rcd1 Na6 16. Nxe4 Nxe4 17. Bxe4 Bf8 18. Bxf8 Kxf8 19. Rfe1 Kg8 1/2-1/2

[Event "Festival Szmetan-Giardelli 2018"]
[Site "Buenos Aires"]
[Date "2018.12.08"]
[Round "4"]
[White "Bachmann, Axel"]
[Black "Flores, Diego"]
[Result "1-0"]
[WhiteElo "2621"]
[BlackElo "2631"]
[Annotator "TA"]
[PlyCount "85"]
[EventDate "2018.12.04"]
[EventType "tourn"]
[EventCountry "ARG"]
[SourceTitle "playchess.com"]
[Source "ChessBase"]
[SourceQuality "1"]

{[%evp 20,85,8,29,63,32,53,44,62,-55,-53,-66,-100,-81,-59,-330,14,20,17,7,22,36,15,13,35,15,43,17,47,41,8,0,50,0,112,98,79,97,80,89,95,95,312,204,205,205,205,205,205,205,237,237,237,205,205,204,418,414,411,404,501,491,6053,5937,29972,29973,29972,29969]} 1. d4 Nf6 2. c4 e6 3. Nf3 d5 4. g3 Be7 5. Bg2 O-O 6. O-O dxc4 7. Qc2 b6 {E05: Open Catalan: 5 Nf3 Be7} 8. Ne5 Qxd4 9. Bxa8 Qxe5 10. Bf3 Nd5 11. Qxc4 {LiveBook: 14 Games} c5 $146 ({Predecessor:} 11... Ba6 12. Qa4 c5 13. Na3 Qc7 14. Rd1 Qc8 15. Bd2 {½-½ (27) Cheparinov,I (2711)-Bacrot,E (2677) Zagreb 2018}) 12. Qa4 a6 13. Rd1 Bb7 14. Qb3 ({Better is} 14. Nc3 $1 $14) 14... Nc6 $1 $15 15. Bxd5 exd5 16. Bf4 {[#]} Qe6 $1 17. Qxd5 $2 {[%mdl 8192]} (17. Qxb6 $15 Nd4 18. Qxe6 (18. Qxb7 Nxe2+ 19. Kf1 Nxf4 $11) 18... Nxe6 19. Nd2) 17... Qxe2 $2 (17... Rd8 $19 18. Qb3 Rxd1+ 19. Qxd1 Nd4) 18. Nc3 $1 $11 {[%cal Rc3e2]} Qxb2 19. Qd7 Qxc3 20. Qxb7 Qf3 21. Re1 Bf6 22. Re3 Qd5 23. Rae1 h5 24. Re8 Rxe8 25. Rxe8+ Kh7 26. Qxa6 Nd4 (26... g5 $11 27. Be3 Ne5 28. Rxe5 Bxe5) 27. Qd3+ $16 g6 28. Qe4 Qxa2 29. Kg2 Qa4 30. Rb8 h4 $2 (30... Qb3 $16 {might work better.}) 31. gxh4 Qd7 {[#] aiming for ...Qg4+.} 32. Bg3 $40 {[%mdl 128] Rb7 is the strong threat. White goes for the king.} Qf5 33. Qxf5 Nxf5 $18 {[%mdl 4096] Endgame KRB-KBN} 34. Kh3 c4 35. Rxb6 Kg7 36. Rc6 c3 37. Kg4 Bd4 $2 (37... Nh6+ 38. Kf3 Nf5) 38. h5 Nh6+ 39. Kg5 f6+ 40. Kf4 gxh5 (40... Nf5 $142 41. hxg6 Nxg3 42. Kxg3 Kxg6) 41. Ke4 Be5 42. Bxe5 fxe5 43. f3 {Accuracy: White = 61%, Black = 31%.} 1-0

[Event "Festival Szmetan-Giardelli 2018"]
[Site "Buenos Aires"]
[Date "2018.12.08"]
[Round "4"]
[White "Perez Ponsa, Federico"]
[Black "Granda Zuniga, Julio E"]
[Result "1/2-1/2"]
[WhiteElo "2554"]
[BlackElo "2650"]
[Annotator "TA"]
[PlyCount "111"]
[EventDate "2018.12.04"]
[EventType "tourn"]
[EventCountry "ARG"]
[SourceTitle "playchess.com"]
[Source "ChessBase"]
[SourceQuality "1"]

{[%evp 24,111,11,0,14,31,18,31,16,17,18,19,20,15,18,18,15,10,35,27,42,33,40,41,61,23,47,47,43,44,43,51,49,46,70,74,72,70,77,70,84,60,45,51,54,50,49,40,49,45,45,39,52,51,51,58,57,52,56,40,51,39,56,36,43,54,50,33,35,42,50,8,9,6,8,7,7,3,78,80,95,3,4,0,0,0,0,0,0,0]} 1. e4 e5 2. Nf3 Nc6 3. Bb5 Nf6 4. O-O Nxe4 5. Re1 Nd6 6. Nxe5 Be7 7. Bf1 Nxe5 8. Rxe5 O-O 9. d4 Ne8 {C67: Ruy Lopez: Berlin Defence: 4 0-0 Nxe4} (9... Bf6 10. Re1 Re8 11. c3 Rxe1 12. Qxe1 Ne8 13. d5 c6 14. Nd2 cxd5 15. Nf3 d6 16. Be3 Nc7 17. Qd2 Bd7 18. g3 {½-½ (32) Giri,A (2780)-Caruana,F (2827) Batumi 2018}) 10. c4 Bf6 11. Re1 d5 12. cxd5 Qxd5 13. Be3 {LiveBook: 4 Games} Bf5 14. Nc3 Qd7 {[#]} 15. Rc1 $146 ({Predecessor:} 15. Qf3 Nd6 16. Nd5 Bd8 17. Bf4 {1-0 (26) Fedorchuk,S (2603)-Petkov,V (2456) Metz 2007}) 15... Nd6 16. Nd5 Bd8 17. Bf4 c6 18. Ne3 {Bxd6 is the strong threat.} Be6 19. d5 cxd5 20. Nxd5 {Strongly threatening Bxd6.} Ne8 21. Nc3 Qxd1 22. Rexd1 Rc8 23. Be3 a6 24. Be2 f5 25. Bf3 Rf7 $1 26. Ne2 Rxc1 27. Bxc1 Bf6 28. b3 Rc7 29. Nf4 Bf7 30. Nd5 Bxd5 31. Bxd5+ Kf8 32. Be6 g6 33. Bf4 Re7 34. Bc4 Kg7 35. Kf1 Bc3 36. a4 Nf6 37. f3 Ba5 38. Bc1 Bc7 39. g3 Rd7 40. Rxd7+ Nxd7 $14 {[%mdl 4096] Endgame KBB-KBN} 41. Ke2 Kf6 42. Bd5 b6 43. f4 Nc5 44. Be3 Bd6 45. Bd4+ Ke7 46. Kd2 b5 47. axb5 axb5 48. Kc3 Ne4+ 49. Kd3 Nc5+ $1 50. Ke3 h6 {[#]} (50... Ne6 $11 {keeps the balance.}) 51. Bg7 $1 $16 h5 {[#]} 52. Bd4 (52. Be5 $1 $16) 52... Ne6 $11 {The position is equal.} 53. Bb6 h4 54. Kf3 hxg3 55. hxg3 g5 56. fxg5 {Accuracy: White = 71%, Black = 68%.} 1/2-1/2

[Event "Festival Szmetan-Giardelli 2018"]
[Site "Buenos Aires"]
[Date "2018.12.08"]
[Round "4"]
[White "El Debs, Felipe de Cresce"]
[Black "Iturrizaga Bonelli, Eduardo"]
[Result "1/2-1/2"]
[WhiteElo "2544"]
[BlackElo "2628"]
[Annotator "TA"]
[PlyCount "54"]
[EventDate "2018.12.04"]
[EventType "tourn"]
[EventCountry "ARG"]
[SourceTitle "playchess.com"]
[Source "ChessBase"]
[SourceQuality "1"]

{[%evp 15,54,12,2,-8,3,-23,-12,-27,-25,-25,-6,-10,-6,-8,0,-7,-7,-7,2,-6,-8,-6,0,0,-1,-3,0,0,0,0,0,0,0,0,0,0,0,0,0,0,0]} 1. e4 c5 2. Nf3 e6 {[%cal Be7e6,Be6d5,Bd5d4][%mdl 32]} 3. b3 a6 4. Bb2 Nc6 5. g3 d5 6. exd5 {B40: Sicilian: 2...e6, Unusual lines} exd5 7. Qe2+ Qe7 8. Qxe7+ Ngxe7 {LiveBook: 22 Games} 9. Nc3 (9. Bg2 Bf5 10. O-O O-O-O 11. Nc3 h6 12. Na4 Ng6 13. d4 Bxc2 {½-½ (29) Nisipeanu,L (2668)-Markus,R (2662) Ortisei 2016}) 9... Bf5 10. d3 $146 ({Predecessor:} 10. O-O-O Nb4 11. d3 d4 12. Ne4 Nec6 13. Re1 O-O-O 14. a3 Nd5 {½-½ (14) Ralls,R (2448)-Chorfi,K (2416) LSS email 2008}) 10... d4 11. Ne4 Nd5 12. Bg2 h6 13. O-O {The position is equal.} Be7 14. Rfe1 {[#] Black must now prevent Nd6+.} O-O 15. a3 Rfd8 16. Ned2 Be6 17. Ne5 Nxe5 18. Rxe5 Bf6 19. Ree1 b5 20. a4 Rab8 21. axb5 axb5 22. Ne4 Be7 23. Ra7 Bf8 24. Ba3 $1 Rdc8 25. h4 Rb6 26. Bf3 Rbc6 27. Ra5 Rb6 {Accuracy: White = 62%, Black = 76%.} 1/2-1/2

[Event "Festival Szmetan-Giardelli 2018"]
[Site "Buenos Aires"]
[Date "2018.12.08"]
[Round "4"]
[White "Hoffman, Alejandro"]
[Black "Mareco, Sandro"]
[Result "0-1"]
[WhiteElo "2470"]
[BlackElo "2656"]
[Annotator "TA"]
[PlyCount "66"]
[EventDate "2018.12.04"]
[EventType "tourn"]
[EventCountry "ARG"]
[SourceTitle "playchess.com"]
[Source "ChessBase"]
[SourceQuality "1"]

{[%evp 11,66,0,6,0,7,-22,-16,-12,-9,-30,-16,0,0,-16,17,6,4,-78,-83,-125,-110,-127,-133,-217,-225,-221,-203,-284,-285,-276,-236,-287,-208,-208,-217,-208,-216,-205,-201,-254,-241,-273,-287,-343,-324,-319,-276,-287,-297,-274,-252,-250,-232,-303,-313,-548,-534]} 1. Nf3 d5 2. g3 c5 {[%cal Bc7c5,Bc5b4][%mdl 32]} 3. c4 d4 4. b4 cxb4 5. a3 bxa3 6. Bg2 {A09: Réti Opening: 1 Nf3 d5 2 c4} Nc6 {LiveBook: 15 Games} 7. O-O (7. Bxa3 e5 8. Bxf8 Kxf8 9. d3 g6 10. O-O Kg7 11. Nbd2 Nf6 12. Qb3 h6 13. Qb2 Re8 14. Ra3 Re7 15. e3 dxe3 16. fxe3 {½-½ (31) So,W (2788)-Adams,M (2715) London 2017}) 7... e5 {[%cal Be7e5,Be5e4][%mdl 32]} 8. Qa4 {The position is equal.} Bd7 9. Bxa3 Bxa3 $146 ({Predecessor:} 9... Be7 10. Bxe7 Ngxe7 11. d3 O-O 12. Nbd2 {0-1 (37) Paczuski,T (2005)-Jaworski,A (2058) Poland 2007}) 10. Nxa3 e4 11. Ne1 $1 Nf6 {[%cal Bg8f6,Bf6d7,Bd7c5][%mdl 32]} 12. d3 Qe7 13. Nb5 {[#] Black must now prevent Nc7+.} O-O 14. Nc2 (14. Qa3 $11) 14... a6 $17 15. Nba3 Bf5 $36 {[%mdl 2048] Black is really pushing.} 16. Rfd1 Nd7 17. Ne1 (17. Nb1 $17) 17... Nc5 $19 18. Qc2 Rad8 19. Rab1 Rfe8 20. Bf1 Ne5 21. Qc1 exd3 22. exd3 Bg4 23. Rd2 Bf3 24. Nac2 Qd6 25. Qa3 h5 26. Nb4 {[#]} h4 $1 {[%mdl 512]} 27. Nd5 (27. gxh4 Qg6+) 27... hxg3 28. fxg3 Bxd5 29. cxd5 Ng4 {[%cal Be5g4,Bg4e3,Be3d5][%mdl 32]} 30. Rc2 Rc8 31. Bh3 Ne3 32. Rcc1 Rc7 ({Not} 32... Qxd5 33. Bxc8 Rxc8 34. Qb2 $17) 33. Qa5 $2 (33. Bg2) 33... Nxd5 {Accuracy: White = 38%, Black = 81%.} 0-1

[Event "Festival Szmetan-Giardelli 2018"]
[Site "Buenos Aires"]
[Date "2018.12.08"]
[Round "4"]
[White "Slipak, Sergio"]
[Black "Bacallao Alonso, Yusnel"]
[Result "1-0"]
[WhiteElo "2421"]
[BlackElo "2582"]
[Annotator "TA"]
[PlyCount "87"]
[EventDate "2018.12.04"]
[EventType "tourn"]
[EventCountry "ARG"]
[SourceTitle "playchess.com"]
[Source "ChessBase"]
[SourceQuality "1"]

{[%evp 9,87,54,139,129,137,139,141,136,196,194,283,291,281,200,336,334,327,336,319,298,294,300,287,278,272,264,306,316,291,295,368,316,384,372,404,420,405,437,422,406,448,489,466,441,514,458,493,572,550,383,458,453,653,625,710,557,557,557,557,557,542,493,614,466,561,437,704,596,881,881,904,908,894,893,892,886,870,864,843,822]} 1. c4 b6 2. Nc3 Bb7 3. e4 e5 4. Nf3 Bb4 (4... Nc6 5. d4 exd4 6. Nxd4 Bb4 7. Nf5 Bxc3+ 8. bxc3 Qf6 9. Bd2 Nge7 10. Ne3 O-O 11. f3 Qh4+ 12. g3 Qh5 13. g4 Qh4+ 14. Ke2 {0-1 (30) Rozum,I (2576)-Morozevich,A (2656) Kazan 2018}) 5. Nd5 $146 ({Predecessor:} 5. d3 Nc6 6. a3 Bxc3+ 7. bxc3 Qe7 8. Be2 f6 9. O-O Na5 10. Re1 c5 11. Bf1 {0-1 (45) Rodriguez,J (1610)-Drouot,F (2026) Montigny le Bretonneux 2012}) 5... Bxd5 (5... Bd6 $14) 6. cxd5 $16 {A10: English Opening: Unusual Replies for Black} Nf6 7. a3 $1 {[%cal Ra3b4]} (7. Nxe5 $6 Qe7 $11) 7... Bd6 8. d4 {White is clearly better.} Qe7 {[#]} (8... exd4 $16 9. Qxd4 c5) 9. Bd3 $1 $18 (9. dxe5 $6 Bxe5 10. Bd3 (10. Nxe5 Qxe5 11. f3 c6 $14) 10... O-O $16) 9... c6 {[#]} (9... c5 {was worth a try.} 10. dxc5 (10. dxe5 Bxe5 11. Nxe5 Qxe5 $16) 10... Bxc5) 10. O-O $1 ({Not} 10. dxe5 Bxe5 11. O-O O-O $16) 10... O-O 11. Re1 (11. Nxe5 Bxe5 12. dxe5 Qxe5 $14) 11... cxd5 (11... c5 $142 12. dxc5 (12. dxe5 Bxe5 13. Nxe5 Qxe5 $16) 12... bxc5) 12. exd5 {[%cal Rd4e5]} ({And not} 12. Nxe5 dxe4 13. Bxe4 Nxe4 $14) ({Weaker is} 12. dxe5 Bxe5 13. exd5 d6 $16) 12... e4 13. Bg5 Qd8 14. Bxe4 h6 15. Bxf6 Qxf6 16. Qd3 a5 17. Ne5 Ra7 18. Re3 Rc7 19. Rae1 g6 20. Rf3 Bxe5 21. Rxf6 Bxf6 22. h4 {[%cal Bh2h4,Bh4h5][%mdl 32]} d6 23. h5 g5 24. Bf5 Rd8 25. Qb5 Nd7 26. Bxd7 Rdxd7 27. Qxb6 Rb7 28. Qxa5 Rxb2 29. Qc3 Rbb7 30. a4 {White is clearly winning.} Rdc7 (30... Ra7 $142 31. a5 Kg7) 31. Qa3 Rb6 32. Rc1 Rxc1+ 33. Qxc1 Bxd4 {[%mdl 4096] Endgame KQ-KRB} 34. Qd1 Bc5 35. Qc2 Ra6 36. Qc4 Ra7 37. g3 Kg7 (37... Rb7 $142 38. Qc3 Rb4) 38. Qb5 Kf6 39. Qb2+ Kf5 40. Kg2 Ke4 41. Qf6 Rxa4 42. Qxf7 Ra2 43. Qe6+ Kd3 44. Qxh6 {Accuracy: White = 79%, Black = 49%.} 1-0

[Event "Festival Szmetan-Giardelli 2018"]
[Site "Buenos Aires"]
[Date "2018.12.08"]
[Round "4"]
[White "Darcyl, Tomas"]
[Black "Pichot, Alan"]
[Result "0-1"]
[WhiteElo "2366"]
[BlackElo "2562"]
[Annotator "TA"]
[PlyCount "57"]
[EventDate "2018.12.04"]
[EventType "tourn"]
[EventCountry "ARG"]
[SourceTitle "playchess.com"]
[Source "ChessBase"]
[SourceQuality "1"]

{[%evp 23,57,-20,0,-26,-25,-29,-17,-30,-27,-31,-31,-37,-27,-41,0,0,0,0,-15,-224,-225,-450,-418,-453,-437,-635,-618,-618,-237,-220,-228,-698,-716,-29995,-796,-29995]} 1. Nf3 d5 2. g3 c5 3. Bg2 Nf6 4. O-O e6 5. d4 cxd4 6. Nxd4 e5 7. Nb3 Be6 8. Nc3 Be7 {D02: 1 d4 d5 2 Nf3 sidelines, including 2...Nf6 3 g3 and 2...Nf6 3 Bf4} 9. Bg5 (9. f4 exf4 10. gxf4 g6 11. Kh1 Nc6 12. Be3 O-O 13. Nd4 Bg4 14. f5 Re8 15. h3 Bh5 16. Qe1 Nxd4 17. Bxd4 {1-0 (28) Edouard,R (2638)-Cornette,M (2593) Nimes 2018}) 9... Nbd7 10. e4 dxe4 11. Bxf6 Nxf6 12. Nxe4 Qc7 {LiveBook: 8 Games} 13. Nxf6+ (13. Ng5 {looks sharper.} Bc4 14. Re1 O-O 15. Qf3 h6 16. Ne4) 13... Bxf6 14. Qf3 Rb8 15. Qe3 b6 16. c4 $146 Qxc4 (16... Bxc4 $6 17. Rac1 $14) 17. Rac1 Qb4 18. Bc6+ Ke7 19. f4 $1 {[%cal Rf4e5]} exf4 20. Rxf4 Bg5 $1 {[%cal Rg5f4]} 21. Nd4 $2 (21. Rxb4 $2 {loses.} Bxe3+ 22. Kf1 Bxc1 $19) (21. Rcf1 $1 $11 Bxf4 22. Rxf4) 21... Bxf4 $19 22. gxf4 $2 (22. Qxf4 Qd6 23. Qe4) 22... Rhd8 23. Bd5 {[#] Hoping for Nc6+.} Kf8 24. Nc6 (24. Nxe6+ $142 fxe6 25. Qe5) 24... Qxb2 25. Bxe6 Rd3 $2 (25... fxe6 $2 26. Re1 $17) (25... Rd2 26. Re1 Re8 {[%mdl 64] Pin}) 26. Qe1 {Strongly threatening Bb3.} Re8 {[%mdl 64] [#] Pin} ({Not} 26... fxe6 27. Nxb8 Rd8 28. Na6 $11 (28. Nc6 Rd2 $11)) 27. Rb1 $2 (27. Qb4+ Qxb4 28. Nxb4) 27... Rxe6 {[%mdl 64] Double Attack} 28. Rc1 Re8 (28... Rxe1+ $142 29. Rxe1 Rd2 30. Kf1 Rxh2 31. Re8+ Kxe8 32. Nxa7 Rh1#) 29. Qe3 {Accuracy: White = 16%, Black = 69%.} 0-1